[Event "MCR_O181"]
[Site "?"]
[Date "2003.??.??"]
[Round "?"]
[White "Brunclik, Vladimir"]
[Black "Lucan, Zdenko"]
[Result "1-0"]
[WhiteElo "1962"]
[BlackElo "1800"]
[PlyCount "65"]
[EventDate "2003.??.??"]
[EventType "corr"]
[EventRounds "2"]
[SourceDate "2005.03.12"]

1. e4 c5 2. Nf3 e6 3. c3 d5 4. e5 Nc6 5. d4 c4 6. Be2 Be7 7. O-O f6 8. Bf4 f5
9. Qd2 h6 10. Ne1 g5 11. Bh5+ Kf8 12. Bg3 f4 13. Qc2 Bd7 14. h3 Be8 15. Bxe8
Qxe8 16. Bh2 Bd8 17. Nd2 Nge7 18. b3 b5 19. bxc4 bxc4 20. Qd1 Ba5 21. Rc1 Rb8
22. g3 Ng6 23. Ng2 Nce7 24. gxf4 gxf4 25. Nxf4 Nxf4 26. Bxf4 Qg6+ 27. Bg3 Nf5
28. Kh2 Nxg3 29. fxg3+ Ke7 30. Rf6 Qg7 31. Qa4 Bb6 32. Qc6 Rbd8 33. Qxe6# 1-0

[Event "MCR_O181"]
[Site "?"]
[Date "2003.??.??"]
[Round "?"]
[White "Cvak, Rudolf"]
[Black "Brunclik, Vladimir"]
[Result "1-0"]
[WhiteElo "1800"]
[BlackElo "1962"]
[PlyCount "69"]
[EventDate "2003.??.??"]
[EventType "corr"]
[EventRounds "2"]
[SourceDate "2005.03.12"]

1. e4 e6 2. d4 d5 3. Nc3 Bb4 4. e5 c5 5. a3 Bxc3+ 6. bxc3 Qc7 7. Qg4 Ne7 8.
Qxg7 Rg8 9. Qxh7 cxd4 10. Ne2 Nbc6 11. Bf4 Bd7 12. Qd3 dxc3 13. Nxc3 a6 14. Ne2
Rc8 15. Rb1 Na7 16. h4 Bb5 17. Qd2 Qxc2 18. Qxc2 Rxc2 19. Nd4 Rc5 20. Nxb5 Nxb5
21. h5 Kd7 22. h6 Ng6 23. h7 Rgc8 24. Bd2 Nxa3 25. Rxb7+ R5c7 26. Rxc7+ Kxc7
27. Bxa6 Rb8 28. Bd3 Nh8 29. Ke2 Rb2 30. Ra1 Nc4 31. Bxc4 dxc4 32. Rc1 Kd7 33.
Rxc4 Rb1 34. Ba5 Rb7 35. Rd4+ 1-0

[Event "MCR_O181"]
[Site "?"]
[Date "2003.??.??"]
[Round "?"]
[White "Lucan, Zdenko"]
[Black "Brunclik, Vladimir"]
[Result "0-1"]
[WhiteElo "1800"]
[BlackElo "1962"]
[PlyCount "66"]
[EventDate "2003.??.??"]
[EventType "corr"]
[EventRounds "2"]
[SourceDate "2005.03.12"]

1. Nf3 d5 2. c4 e6 3. e3 Nf6 4. Nc3 Be7 5. d3 O-O 6. Be2 dxc4 7. dxc4 Bb4 8.
Qxd8 Bxc3+ 9. bxc3 Rxd8 10. Bb2 Nbd7 11. O-O Nf8 12. Ne5 Rd2 13. Bf3 Rxb2 14.
Nd3 Rb6 15. c5 Ra6 16. Nb4 Ra5 17. c6 b6 18. Rfd1 Ba6 19. Nxa6 Rxa6 20. Be2 Ra5
21. Rd2 Ne4 22. Rc2 Rc5 23. Rac1 Rd8 24. f3 Nd6 25. a4 Rxc6 26. Bb5 Nxb5 27.
axb5 Rc4 28. e4 f5 29. exf5 exf5 30. g3 Ne6 31. Kf2 Nc5 32. Ra1 Ra8 33. Rca2 a5
0-1

[Event "MCR_O181"]
[Site "?"]
[Date "2003.??.??"]
[Round "?"]
[White "Farny, Miroslav"]
[Black "Lucan, Zdenko"]
[Result "1-0"]
[WhiteElo "1800"]
[BlackElo "1800"]
[PlyCount "77"]
[EventDate "2003.??.??"]
[EventType "corr"]
[EventRounds "2"]
[SourceDate "2005.03.12"]

1. d4 Nf6 2. Nf3 e6 3. e3 b6 4. Bd3 Bb7 5. Nbd2 Be7 6. O-O d5 7. c4 dxc4 8.
Bxc4 O-O 9. a3 Ba6 10. Bxa6 Nxa6 11. Qa4 Nb8 12. Qc4 c6 13. b4 b5 14. Qb3 Qd5
15. Qxd5 cxd5 16. Bb2 Nc6 17. Rfc1 Rfc8 18. Rc2 Nd8 19. Rac1 Rxc2 20. Rxc2 Ne4
21. Nxe4 dxe4 22. Nd2 f5 23. h3 a6 24. Nb3 Nf7 25. Nc5 Rc8 26. Rc3 Bxc5 27.
bxc5 Rc6 28. f3 exf3 29. gxf3 h5 30. h4 g5 31. e4 fxe4 32. fxe4 g4 33. d5 exd5
34. exd5 Rc8 35. Rc1 Kf8 36. Bd4 Ke8 37. Re1+ Kd7 38. Re6 a5 39. c6+ 1-0

[Event "MCR_O181"]
[Site "?"]
[Date "2003.??.??"]
[Round "?"]
[White "Brunclik, Vladimir"]
[Black "Farny, Miroslav"]
[Result "0-1"]
[WhiteElo "1962"]
[BlackElo "1800"]
[PlyCount "58"]
[EventDate "2003.??.??"]
[EventType "corr"]
[EventRounds "2"]
[SourceDate "2005.03.12"]

1. d4 Nf6 2. c4 e6 3. g3 d5 4. Bg2 dxc4 5. Qa4+ Nbd7 6. Qxc4 c5 7. Nf3 a6 8.
Qc2 b6 9. O-O Bb7 10. Bg5 cxd4 11. Nxd4 Bxg2 12. Kxg2 Bc5 13. Rd1 O-O 14. Bxf6
Qxf6 15. Nf3 Ne5 16. Nbd2 Nxf3 17. Nxf3 Rad8 18. e3 a5 19. b3 h6 20. Nd2 Bb4
21. Rab1 b5 22. Ne4 Qe5 23. f4 Qf5 24. Kf3 Rd5 25. Rxd5 exd5 26. g4 dxe4+ 27.
Qxe4 Qf6 28. Kg3 Rd8 29. Rc1 Be7 0-1

[Event "MCR_O181"]
[Site "?"]
[Date "2003.??.??"]
[Round "?"]
[White "Martin, Petr"]
[Black "Macek, Ludvik"]
[Result "1-0"]
[WhiteElo "2000"]
[BlackElo "1887"]
[PlyCount "127"]
[EventDate "2003.??.??"]
[EventType "corr"]
[EventRounds "2"]
[SourceDate "2005.03.12"]

1. c4 b6 2. d4 e6 3. e4 Bb7 4. d5 Bb4+ 5. Bd2 Qe7 6. a3 Bxd2+ 7. Nxd2 exd5 8.
cxd5 Bxd5 9. Qc2 Bc6 10. b4 f5 11. Bd3 fxe4 12. Bc4 Nf6 13. Ne2 e3 14. fxe3 Ng4
15. e4 Qf6 16. O-O-O Qa1+ 17. Nb1 Ne3 18. Qb3 Nxd1 19. Rxd1 Bxe4 20. Nec3 Bxb1
21. Nxb1 Qe5 22. Qf3 c6 23. Rd3 Qxh2 24. b5 Qh6+ 25. Kc2 Kd8 26. Nc3 a5 27.
bxc6 Nxc6 28. Qd5 Ra7 29. Nb5 Ne7 30. Qd4 Nf5 31. Qe5 Qc6 32. Kc3 Ra8 33. Qxf5
Qf6+ 34. Qxf6+ gxf6 35. Be6 Ke7 36. Bf5 Rad8 37. Re3+ Kf8 38. Nd6 Rg8 39. g4
Rg7 40. Kc4 h5 41. gxh5 Re7 42. Rg3 Re5 43. Bg6 Re6 44. Rd3 Rb8 45. h6 b5+ 46.
Kb3 b4 47. a4 f5 48. h7 Kg7 49. Bxf5 Rf6 50. Rd5 Rbf8 51. Bd3 Rf3 52. Nc4 Rc8
53. Rxd7+ Kh8 54. Kc2 Rxc4+ 55. Bxc4 Rc3+ 56. Kb2 Rxc4 57. Rd5 Kxh7 58. Rxa5
Kg6 59. Re5 Kf6 60. Re1 Rc8 61. Kb3 Rb8 62. Re3 Kf5 63. a5 Kf6 64. Ka4 1-0

[Event "MCR_O181"]
[Site "?"]
[Date "2003.??.??"]
[Round "?"]
[White "Macek, Ludvik"]
[Black "Cvak, Rudolf"]
[Result "0-1"]
[WhiteElo "1887"]
[BlackElo "1800"]
[PlyCount "108"]
[EventDate "2003.??.??"]
[EventType "corr"]
[EventRounds "2"]
[SourceDate "2005.03.12"]

1. c4 c6 2. Nf3 d5 3. d4 e6 4. e3 Nf6 5. Nc3 Nbd7 6. Bd3 dxc4 7. Bxc4 b5 8. Bd3
a6 9. Ne4 Bb7 10. Qc2 Rc8 11. O-O c5 12. Qb1 cxd4 13. Nxf6+ Nxf6 14. Nxd4 Qd5
15. Nf3 Bd6 16. a4 Qh5 17. e4 b4 18. Bd2 O-O 19. h3 Rfd8 20. Bg5 Be7 21. Be3
Nd7 22. Rc1 Nc5 23. Be2 Qg6 24. Bxc5 Bxc5 25. Rc4 f5 26. exf5 exf5 27. Qc2 Be4
28. Qc1 Qb6 29. Kh1 a5 30. Ng5 Bd5 31. Rc2 h6 32. Nf3 Be4 33. Rc4 Re8 34. Ng1
Kh8 35. Bh5 Red8 36. Be2 Bd5 37. Rc2 Bb3 38. Rd2 Bxf2 39. Rxd8+ Qxd8 40. Qf4
Bd4 41. Nf3 Bxb2 42. Rb1 Rc2 43. Rd1 Qc7 44. Qxc7 Rxc7 45. Rd8+ Kh7 46. Bb5 Bf6
47. Ra8 Bd5 48. Re8 b3 49. Bd3 Rc3 50. Bxf5+ g6 51. Be4 Bxe4 52. Rxe4 b2 53.
Nd2 Rc2 54. Re2 Rxd2 0-1

[Event "MCR_O181"]
[Site "?"]
[Date "2003.??.??"]
[Round "?"]
[White "Cvak, Rudolf"]
[Black "Macek, Ludvik"]
[Result "0-1"]
[WhiteElo "1800"]
[BlackElo "1887"]
[PlyCount "112"]
[EventDate "2003.??.??"]
[EventType "corr"]
[EventRounds "2"]
[SourceDate "2005.03.12"]

1. e4 Nc6 2. d4 e6 3. Nf3 d5 4. e5 Bd7 5. c3 Nge7 6. Bd3 Nf5 7. Bg5 Be7 8. Bxe7
Ncxe7 9. O-O b6 10. b3 O-O 11. c4 dxc4 12. bxc4 Bc6 13. Re1 Bxf3 14. Qxf3 Qxd4
15. Na3 Qc5 16. Nc2 Ng6 17. Bxf5 exf5 18. Qxf5 Rfe8 19. Ne3 Rxe5 20. Qc2 Rae8
21. Rad1 f5 22. Qa4 f4 23. Nc2 Rxe1+ 24. Nxe1 Re4 25. Qxa7 Qxc4 26. Nf3 Re2 27.
Rd8+ Nf8 28. Qa3 c5 29. Qb3 Qxb3 30. axb3 Rb2 31. h4 Kf7 32. Ne5+ Ke6 33. Re8+
Kf6 34. Nc4 Rb1+ 35. Kh2 Nd7 36. Nd2 Rb2 37. Re2 Kf7 38. Kg1 f3 39. gxf3 Nf8
40. Kf1 Ne6 41. Nc4 Rxb3 42. Re3 Rb4 43. Ne5+ Kf6 44. Nd7+ Ke7 45. Nf8 Kxf8 46.
Rxe6 b5 47. Rc6 c4 48. Rc7 Rb3 49. Ke2 c3 50. Kd1 b4 51. Kc1 Rb2 52. h5 Rxf2
53. Rb7 Rb2 54. Rc7 Kg8 55. f4 h6 56. Rc6 Kh7 0-1

[Event "MCR_O181"]
[Site "?"]
[Date "2003.??.??"]
[Round "?"]
[White "Macek, Ludvik"]
[Black "Farny, Miroslav"]
[Result "0-1"]
[WhiteElo "1887"]
[BlackElo "1800"]
[PlyCount "102"]
[EventDate "2003.??.??"]
[EventType "corr"]
[EventRounds "2"]
[SourceDate "2005.03.12"]

1. c4 Nf6 2. Nf3 d6 3. Qa4+ Qd7 4. Qxd7+ Nbxd7 5. Nc3 c6 6. d4 e5 7. e3 Be7 8.
Bd3 O-O 9. O-O Re8 10. Bd2 Bd8 11. Ng5 d5 12. cxd5 cxd5 13. Rac1 e4 14. Bb5 a6
15. Be2 Nb6 16. Kh1 h6 17. Nh3 Bxh3 18. gxh3 Be7 19. Rg1 Rac8 20. a4 Rc6 21. a5
Nc4 22. Bxc4 dxc4 23. Rg3 b5 24. Rcg1 g6 25. f3 exf3 26. Rxf3 b4 27. Na2 c3 28.
Bc1 Ne4 29. bxc3 bxc3 30. Rg2 Rc4 31. Rf4 Bd8 32. Rf1 Bxa5 33. Rc2 Rd8 34. h4
Rd5 35. Ba3 f5 36. Rf4 Rb5 37. Rf1 Ra4 38. Bc1 Rb1 39. Rg1 Kf7 40. Rgg2 Rxa2
41. Rxa2 Rxc1+ 42. Rg1 Rxg1+ 43. Kxg1 Bb4 44. Kf1 Ba3 45. Ke2 Bb2 46. Kd1 Nf6
47. Rxa6 Nd5 48. Ra7+ Ke6 49. Ra6+ Kd7 50. Rxg6 Nxe3+ 51. Ke2 c2 0-1

[Event "MCR_O181"]
[Site "?"]
[Date "2003.??.??"]
[Round "?"]
[White "Lucan, Zdenko"]
[Black "Farny, Miroslav"]
[Result "0-1"]
[WhiteElo "1800"]
[BlackElo "1800"]
[PlyCount "100"]
[EventDate "2003.??.??"]
[EventType "corr"]
[EventRounds "2"]
[SourceDate "2005.03.12"]

1. f4 Nf6 2. Nf3 d6 3. g3 c5 4. b3 Nc6 5. Bb2 e6 6. e3 Be7 7. Bg2 Bd7 8. d3 Rg8
9. Nbd2 h6 10. h3 Qc7 11. g4 Nd5 12. Qe2 Ncb4 13. Kd1 f6 14. c3 Nc6 15. c4 Nb6
16. Nh4 O-O-O 17. Ng6 Be8 18. Nxe7+ Qxe7 19. a3 Qc7 20. Bxc6 Bxc6 21. Rg1 Bd7
22. h4 Kb8 23. g5 fxg5 24. fxg5 hxg5 25. Rxg5 Be8 26. Qg4 e5 27. Kc2 Rd7 28.
Rg1 Re7 29. Ne4 Nd7 30. Nc3 Nf6 31. Qf3 Rh8 32. Nd5 Nxd5 33. cxd5 Rxh4 34. e4
Rh2+ 35. R1g2 Rf7 36. Rf5 Rxf5 37. exf5 Rxg2+ 38. Qxg2 Qf7 39. Qe4 Bd7 40. Bxe5
dxe5 41. Qxe5+ Kc8 42. d6 Qxf5 43. Qxg7 b5 44. Qh8+ Kb7 45. Qd8 Qf2+ 46. Kc3
Qd4+ 47. Kc2 Qxd6 48. Qa5 b4 49. d4 Qxd4 50. axb4 Bf5+ 0-1